Seattle Neighborhoods - Statistics

General Stats
  • This quiz has been taken 57 times
    53 since last reset
  • The average score is 31 of 72
Answers on the Map
Answers color-coded by a green-red scale on the quiz's map according to % correct below.
 
Answer Stats
Answer % Correct
Capitol Hill
86%
Downtown/Waterfront
86%
Downtown/Waterfront
86%
University District
86%
Ballard
83%
Greenlake
83%
Queen Anne
83%
Magnolia
81%
Fremont
78%
International District
75%
Wallingford
75%
Alki
72%
Pioneer Square
69%
Rainier Beach
69%
Northgate
67%
Phinney Ridge
67%
South Lake Union
67%
Beacon Hill
64%
Bell Town
64%
First Hill
64%
Westlake
64%
Montlake
58%
Eastlake
56%
Greenwood
56%
Interbay
56%
Central District
53%
Columbia City
53%
Madison Park
53%
Madrona
53%
Roosevelt
53%
Sand Point
53%
Lower Queen Anne
50%
Ravenna
50%
Industrial District
47%
Industrial District
47%
Seward Park
47%
Laurelhurst
44%
East Queen Anne
42%
Georgetown
42%
Bryant
39%
Wedgewood
39%
Central Business District
36%
Leschi
36%
Portage Bay
36%
Madison Valley
33%
Yesler Terrace
33%
Bitterlake
31%
Mount Baker
28%
Harbor Island
25%
Broadview
22%
Delridge
22%
Windermere
22%
North Beach/Blue Ridge
19%
South Park
19%
Victory Heights
19%
Crown Hill
17%
Fauntleroy
17%
Matthew's Beach
17%
Olympic Hills
17%
View Ridge
17%
Denny Blaine
11%
North Admiral
11%
Brighton
8%
Cedar Park
8%
Genesee
8%
Meadowbrook
8%
Gatewood
6%
Arbor Heights
3%
Dunlap
3%
Hillman City
3%
Fairmont Park
0%
Seaview
0%
No matching quizzes found
Score Distribution
Percent of People with Each Score
Percentile by Number Answered
Your Score History
You have not taken this quiz since the last reset